NPB2005年以降の開幕投手 - Statistics

General Stats
  • This quiz has been taken 1,290 times
  • The average score is 123 of 228
Answer Stats
Group 年度 選手名 % Correct
巨人 2014 菅野智之
91%
巨人 2015 菅野智之
91%
巨人 2016 菅野智之
91%
巨人 2018 菅野智之
91%
巨人 2019 菅野智之
91%
巨人 2020 菅野智之
91%
巨人 2021 菅野智之
91%
巨人 2022 菅野智之
91%
楽天 2012 田中将大
84%
楽天 2023 田中将大
84%
広島 2019 大瀬良大地
79%
広島 2020 大瀬良大地
79%
広島 2021 大瀬良大地
79%
広島 2022 大瀬良大地
79%
広島 2023 大瀬良大地
79%
中日 2016 大野雄大
78%
中日 2017 大野雄大
78%
中日 2020 大野雄大
78%
中日 2022 大野雄大
78%
横浜 2005 三浦大輔
78%
横浜 2006 三浦大輔
78%
横浜 2007 三浦大輔
78%
横浜 2009 三浦大輔
78%
ヤクルト 2014 小川泰弘
78%
ヤクルト 2015 小川泰弘
78%
ヤクルト 2016 小川泰弘
78%
ヤクルト 2019 小川泰弘
78%
ヤクルト 2021 小川泰弘
78%
ヤクルト 2022 小川泰弘
78%
ヤクルト 2023 小川泰弘
78%
日本ハム 2015 大谷翔平
78%
日本ハム 2016 大谷翔平
78%
横浜 2022 東克樹
75%
横浜 2019 今永昇太
74%
横浜 2020 今永昇太
74%
西武 2008 涌井秀章
74%
西武 2009 涌井秀章
74%
西武 2010 涌井秀章
74%
西武 2011 涌井秀章
74%
西武 2012 涌井秀章
74%
ロッテ 2015 涌井秀章
74%
ロッテ 2016 涌井秀章
74%
ロッテ 2017 涌井秀章
74%
ロッテ 2018 涌井秀章
74%
楽天 2021 涌井秀章
74%
阪神 2020 西勇輝
73%
オリックス 2018 西勇輝
73%
広島 2010 前田健太
71%
広島 2011 前田健太
71%
広島 2012 前田健太
71%
広島 2014 前田健太
71%
広島 2015 前田健太
71%
ソフトバンク 2018 千賀滉大
71%
ソフトバンク 2019 千賀滉大
71%
ソフトバンク 2022 千賀滉大
71%
阪神 2023 青柳晃洋
70%
オリックス 2021 山本由伸
70%
オリックス 2022 山本由伸
70%
日本ハム 2007 ダルビッシュ有
69%
日本ハム 2008 ダルビッシュ有
69%
日本ハム 2009 ダルビッシュ有
69%
日本ハム 2010 ダルビッシュ有
69%
日本ハム 2011 ダルビッシュ有
69%
西武 2013 岸孝之
68%
西武 2014 岸孝之
68%
楽天 2005 岩隈久志
68%
楽天 2007 岩隈久志
68%
楽天 2008 岩隈久志
68%
楽天 2009 岩隈久志
68%
楽天 2010 岩隈久志
68%
楽天 2011 岩隈久志
68%
楽天 2013 則本昂大
68%
楽天 2014 則本昂大
68%
楽天 2015 則本昂大
68%
楽天 2016 則本昂大
68%
楽天 2018 則本昂大
68%
楽天 2019 岸孝之
68%
楽天 2020 則本昂大
68%
楽天 2022 則本昂大
68%
ソフトバンク 2005 和田毅
67%
ソフトバンク 2009 和田毅
67%
ソフトバンク 2011 和田毅
67%
ソフトバンク 2017 和田毅
67%
日本ハム 2017 有原航平
67%
日本ハム 2020 有原航平
67%
広島 2005 黒田博樹
65%
広島 2006 黒田博樹
65%
広島 2007 黒田博樹
65%
ソフトバンク 2008 杉内俊哉
63%
ソフトバンク 2010 杉内俊哉
63%
オリックス 2008 金子千尋
63%
オリックス 2010 金子千尋
63%
オリックス 2013 金子千尋
63%
オリックス 2014 金子千尋
63%
オリックス 2016 金子千尋
63%
オリックス 2017 金子千尋
63%
日本ハム 2019 上沢直之
63%
日本ハム 2021 上沢直之
63%
西武 2021 髙橋光成
62%
西武 2022 髙橋光成
62%
西武 2023 髙橋光成
62%
阪神 2013 R.メッセンジャー
62%
阪神 2015 R.メッセンジャー
62%
阪神 2016 R.メッセンジャー
62%
阪神 2017 R.メッセンジャー
62%
阪神 2018 R.メッセンジャー
62%
阪神 2019 R.メッセンジャー
62%
中日 2018 小笠原慎之介
60%
中日 2023 小笠原慎之介
60%
巨人 2007 内海哲也
59%
巨人 2010 内海哲也
59%
巨人 2012 内海哲也
59%
阪神 2021 藤浪晋太郎
59%
阪神 2022 藤浪晋太郎
59%
中日 2005 川上憲伸
57%
中日 2006 川上憲伸
57%
中日 2007 川上憲伸
57%
中日 2008 川上憲伸
57%
中日 2014 川上憲伸
57%
阪神 2005 井川慶
56%
阪神 2006 井川慶
56%
巨人 2005 上原浩治
55%
巨人 2006 上原浩治
55%
西武 2016 菊池雄星
55%
西武 2017 菊池雄星
55%
西武 2018 菊池雄星
55%
阪神 2011 能見篤史
54%
阪神 2012 能見篤史
54%
阪神 2014 能見篤史
54%
中日 2010 吉見一起
53%
中日 2012 吉見一起
53%
中日 2013 吉見一起
53%
日本ハム 2023 加藤貴之
52%
ロッテ 2023 小島和哉
52%
ヤクルト 2005 石川雅規
51%
ヤクルト 2006 石川雅規
51%
ヤクルト 2008 石川雅規
51%
ヤクルト 2009 石川雅規
51%
ヤクルト 2010 石川雅規
51%
ヤクルト 2011 石川雅規
51%
ヤクルト 2012 石川雅規
51%
ヤクルト 2017 石川雅規
51%
ヤクルト 2020 石川雅規
51%
西武 2005 松坂大輔
49%
ソフトバンク 2012 攝津正
48%
ソフトバンク 2013 攝津正
48%
ソフトバンク 2014 攝津正
48%
ソフトバンク 2015 攝津正
48%
ソフトバンク 2016 攝津正
48%
ソフトバンク 2020 東浜巨
48%
オリックス 2019 山岡泰輔
48%
オリックス 2020 山岡泰輔
48%
ロッテ 2010 成瀬善久
48%
ロッテ 2011 成瀬善久
48%
ロッテ 2012 成瀬善久
48%
ロッテ 2013 成瀬善久
48%
ロッテ 2014 成瀬善久
48%
広島 2016 K.ジョンソン
47%
広島 2017 K.ジョンソン
47%
オリックス 2023 山下舜平大
46%
ロッテ 2019 石川歩
45%
ロッテ 2020 石川歩
45%
ロッテ 2022 石川歩
45%
横浜 2021 濵口遥大
44%
広島 2018 野村祐輔
44%
ソフトバンク 2006 斉藤和巳
44%
ソフトバンク 2007 斉藤和巳
44%
日本ハム 2013 武田勝
42%
横浜 2017 石田健大
40%
横浜 2018 石田健大
40%
横浜 2023 石田健大
40%
ソフトバンク 2021 石川柊太
38%
日本ハム 2022 北山亘基
38%
阪神 2007 下柳剛
36%
楽天 2017 美馬学
36%
巨人 2009 S.グライシンガー
35%
阪神 2008 安藤優也
34%
阪神 2009 安藤優也
34%
阪神 2010 安藤優也
34%
中日 2015 山井大介
34%
横浜 2012 高崎健太郎
34%
西武 2019 多和田真三郎
34%
ヤクルト 2013 館山昌平
33%
西武 2006 西口文也
33%
西武 2007 西口文也
33%
日本ハム 2014 吉川光夫
32%
ソフトバンク 2023 大関友久
31%
横浜 2015 久保康友
29%
広島 2008 大竹寛
29%
日本ハム 2012 斎藤佑樹
29%
ロッテ 2006 久保康友
29%
巨人 2023 T.ビーディ
29%
巨人 2017 M.マイコラス
28%
ロッテ 2021 二木康太
27%
ヤクルト 2007 石井一久
26%
ロッテ 2005 清水直行
26%
ロッテ 2007 清水直行
26%
ロッテ 2009 清水直行
26%
横浜 2016 井納翔一
25%
日本ハム 2006 金村曉
24%
巨人 2011 東野峻
23%
中日 2009 浅尾拓也
23%
西武 2015 牧田和久
23%
巨人 2008 高橋尚成
22%
ロッテ 2008 小林宏之
22%
楽天 2006 一場靖弘
22%
オリックス 2009 小松聖
20%
西武 2020 Z.ニール
20%
中日 2021 福谷浩司
19%
横浜 2013 藤井秀悟
19%
巨人 2013 宮國椋丞
17%
横浜 2014 三嶋一輝
17%
日本ハム 2018 B.ロドリゲス
17%
中日 2019 笠原祥太郎
16%
オリックス 2015 B.ディクソン
16%
広島 2009 C.ルイス
16%
中日 2011 M.ネルソン
16%
ヤクルト 2018 D.ブキャナン
15%
横浜 2008 寺原隼人
14%
広島 2013 B.バリントン
13%
オリックス 2005 川越英隆
12%
オリックス 2006 川越英隆
12%
オリックス 2007 川越英隆
12%
横浜 2011 山本省吾
11%
オリックス 2011 木佐貫洋
10%
オリックス 2012 A.フィガロ
8%
横浜 2010 S.ランドルフ
8%
日本ハム 2005 C.ミラバル
7%
No matching quizzes found
Score Distribution
Percent of People with Each Score
Percentile by Number Answered
Your Score History
You have not taken this quiz